Pump user's handbook : (Record no. 599579)

000 -LEADER
fixed length control field 00317nam a2200121Ia 4500
008 - FIXED-LENGTH DATA ELEMENTS--GENERAL INFORMATION
fixed length control field 230907s9999||||xx |||||||||||||| ||und||
082 ## - DEWEY DECIMAL CLASSIFICATION NUMBER
Classification number 621.69
Author Mark BLO
100 ## - MAIN ENTRY--PERSONAL NAME
Personal name Bloch, Heinz P.,
9 (RLIN) 83585
245 #0 - TITLE STATEMENT
Title Pump user's handbook :
300 ## - PHYSICAL DESCRIPTION
Extent xiv, 556 pages :
650 ## - SUBJECT ADDED ENTRY--TOPICAL TERM
Topical term or geographic name entry element Handbooks, manuals, etc.
9 (RLIN) 11475
942 ## - ADDED ENTRY ELEMENTS (KOHA)
Koha item type Book
Holdings
Withdrawn status Lost status Damaged status Not for loan Permanent Location Current Location Date acquired Total Checkouts Full call number Barcode Date last seen Price effective from Koha item type
        US-Pakistan Center for Advanced Studies in Energy (USPCAS-E) US-Pakistan Center for Advanced Studies in Energy (USPCAS-E) 10/08/2019   621.69 BLO CAS-E0003678 09/12/2023 09/12/2023 Book
© 2023 Central Library, National University of Sciences and Technology. All Rights Reserved.